Normal view
MARC view
- Supervisor: Dr. Usman Ali: Co-Supervisor Dr. Hasan Arshad Nasir
Entry Personal Name
001 - CONTROL NUMBER
- control field: 96797
003 - CONTROL NUMBER IDENTIFIER
- control field: NUST
005 - DATE AND TIME OF LATEST TRANSACTION
- control field: 20220811094009.0
008 - FIXED-LENGTH DATA ELEMENTS
- fixed length control field: 220811|| aca||aabn | a|a d
040 ## - CATALOGING SOURCE
- Original cataloging agency: NUST
- Transcribing agency: NUST
100 ## - HEADING--PERSONAL NAME
- Personal name: Supervisor: Dr. Usman Ali: Co-Supervisor Dr. Hasan Arshad Nasir
670 ## - SOURCE DATA FOUND
- Source citation: Work cat.: (NUST): Siddiqui, Qasim Ahmed 96796, Building Portable and Modular High Capacity Power Station using Lithium-Ion Cells /
